| 000 | 00649nam a2200229Ia 4500 | ||
|---|---|---|---|
| 003 | IN-BaIIA | ||
| 008 | 211028s9999 xx 000 0 eng d | ||
| 020 | _a978-3-540-85121-9 | ||
| 040 | _cIIA Library | ||
| 080 |
_a52-77 _bWIL |
||
| 100 |
_aWilson, Thomas L. _933229 |
||
| 245 | 0 |
_aTools of radio astronomy _cT.L. Wilson and Susanne Hüttemeister. |
|
| 250 | _a5th ed. | ||
| 260 |
_aBerlin _bSpringer _c2009 |
||
| 300 | _axv, 515p. | ||
| 650 |
_aAntenna theory _933230 |
||
| 650 |
_aRadio astronomy _92849 |
||
| 650 |
_aWave polarization _925018 |
||
| 700 |
_aHuttemeister, Susanne _933231 |
||
| 700 |
_aRohlfs, Kristen _915086 |
||
| 942 | _cBK | ||
| 999 |
_c17577 _d17577 |
||